Normal view MARC view
  • Morris, Desmond,

Entry Nombre Personal

Number of records used in: 5

001 - NUMERO DE CONTROL

  • campo de control: 29407

003 - IDENTIFICADOR DE NUMERO DE CONTROL

  • campo de control: UPN

005 - FECHA Y HORA DE LA ÜLTIMA TRANSACCIÓN

  • campo de control: 20210219194403.0

008 - DATOS DE LONGITUD FIJA

  • campo de control de longitud fija: nabaccnnaabn|||||||||| b |nc|||||d

035 ## - NUMERO DE CONTROL

  • Número de control: UPN11000001513

040 ## - FUENTE DE CATALOGACIÓN

  • Lenguaje de catalogación: SPA
  • Agencia de transcripción: UPN

100 1# - ENCABEZAMIENTO - NOMBRE PERSONAL

  • Nombre personal: Morris, Desmond,
  • Fechas asociadas con el nombre: 1928-

400 1# - VEÁSE - NOMBRE DE PERSONA

  • Personal name: Morris, Desmond John,
  • Dates associated with a name: 1928-

670 ## - FUENTE EN LA QUE SE LOCALIZARON DATOS

  • Cita de la fuente: Salvat
  • Información localizada: El mono desnudo

902 ## - CATALOGADOR

  • Catalogador: DAA/280508